000
00214nam a22000977a 4500
003
OSt
008
210114b ||||| |||| 00| 0 eng d
100
_a
Abdul Khader
_9
4869
245
_a
Sindhile rajakumari
942
_c
BK
999
_c
16558
_d
16558